|
|
|
|
| LEADER |
00000nam0a2200000 4500 |
| 001 |
106292 |
| 005 |
20231101214649.0 |
| 010 |
|
|
|a 5953202229
|
| 010 |
|
|
|a 5-98109-008-1
|
| 035 |
|
|
|a (RuTPU)RU\TPU\book\114698
|
| 090 |
|
|
|a 106292
|
| 100 |
|
|
|a 20061204d2006 m y0rusy50 ca
|
| 101 |
0 |
|
|a rus
|
| 102 |
|
|
|a RU
|
| 105 |
|
|
|a a j 001zy
|
| 200 |
1 |
|
|a Химическое сопротивление неметаллических материалов и защита от коррозии
|e учебное пособие
|f А. А. Шевченко
|
| 210 |
|
|
|a Москва
|c КолосС
|c Химия
|d 2006
|
| 215 |
|
|
|a 248 с.
|c ил.
|
| 225 |
1 |
|
|a Для высшей школы
|
| 225 |
1 |
|
|a Учебники и учебные пособия для студентов высших учебных заведений
|
| 320 |
|
|
|a Библиогр.: с. 248.
|
| 330 |
|
|
|a Книга является первым учебным пособием, в котором систематизированы современные представления о химическом сопротивлении неметаллических материалов, их защитных свойствах и возможностях их применения как конструкционных материалов для изготовления оборудования (аппаратов, машин, трубопроводов, арматуры и т. д.), эксплуатируемого в контакте с агрессивными средами. Учебное пособие предназначено для студентов специальности «Машины и аппараты химических производств», изучающих дисциплину «Химическое сопротивление материалов и защита от коррозии», и может быть использовано студентами других специальностей, в которых изучаются вопросы защиты от коррозии различного оборудования. Книга может быть полезна инженерно-техническим работникам проектных организаций, научных учреждений и промышленных предприятий химической, нефтехимической, лесохимической, пищевой, фармацевтической и других отраслей.
|
| 606 |
1 |
|
|a Неметаллические материалы химически стойкие
|x Химическое машиностроение
|2 stltpush
|3 (RuTPU)RU\TPU\subj\31207
|9 54124
|
| 610 |
1 |
|
|a химическая технология
|
| 610 |
1 |
|
|a химическая стойкость
|
| 610 |
1 |
|
|a защитные свойства
|
| 610 |
1 |
|
|a номенклатура
|
| 610 |
1 |
|
|a антикоррозионная техника
|
| 610 |
1 |
|
|a силикатные материалы
|
| 610 |
1 |
|
|a полимеры
|
| 610 |
1 |
|
|a пластмассы
|
| 610 |
1 |
|
|a поликонденсационные смолы
|
| 610 |
1 |
|
|a каучуки
|
| 610 |
1 |
|
|a резины
|
| 610 |
1 |
|
|a углеграфитовые материалы
|
| 610 |
1 |
|
|a лакокрасочные материалы
|
| 610 |
1 |
|
|a вяжущие материалы
|
| 610 |
1 |
|
|a композиционные материалы
|
| 610 |
1 |
|
|a испытания
|
| 610 |
1 |
|
|a химические аппараты
|
| 610 |
1 |
|
|a защита
|
| 610 |
1 |
|
|a лакокрасочные покрытия
|
| 610 |
1 |
|
|a листовые покрытия
|
| 610 |
1 |
|
|a эмалированные аппараты
|
| 610 |
1 |
|
|a гуммированные аппараты
|
| 610 |
1 |
|
|a проектирование
|
| 610 |
1 |
|
|a изготовление
|
| 610 |
1 |
|
|a стальная футерованная аппаратура
|
| 610 |
1 |
|
|a керамика
|
| 610 |
1 |
|
|a фарфор
|
| 610 |
1 |
|
|a стекло
|
| 610 |
1 |
|
|a конструкционные пластмассы
|
| 610 |
1 |
|
|a учебные пособия
|
| 675 |
|
|
|a 66.02.002.3(075.8)
|v 3
|
| 700 |
|
1 |
|a Шевченко
|b А. А.
|g Александр Алексеевич
|
| 801 |
|
1 |
|a RU
|b 63413507
|c 20061204
|g PSBO
|
| 801 |
|
2 |
|a RU
|b 63413507
|c 20151008
|g PSBO
|
| 900 |
|
|
|a Химическое сопротивление материалов и защита от коррозии
|
| 942 |
|
|
|c BK
|
| 952 |
|
|
|b 240801
|b 240800
|
| 959 |
|
|
|a 103/20061201
|d 2
|e 209,00
|f АНЛ:1
|f ЧЗТЛ:1
|